[Event "EU-ch U14 Girls"]
[Site "Prague"]
[Date "2024.08.23"]
[Round "2"]
[White "Piekutowska, Lena"]
[Black "Ashton, Alannah"]
[Result "0-1"]
[WhiteElo "1607"]
[BlackElo "1918"]
[PlyCount "92"]
[EventDate "2024.08.22"]
[EventType "swiss"]
[EventRounds "9"]
[EventCountry "CZE"]
[SourceTitle "CBM 221 Extra"]
[Source "ChessBase"]
[SourceDate "2024.09.30"]
[SourceVersion "1"]
[SourceVersionDate "2024.09.30"]
[SourceQuality "1"]

1. e4 c5 2. c3 d5 3. exd5 Qxd5 4. d4 Nc6 5. Nf3 Bf5 6. Na3 cxd4 7. cxd4 0-0-0 8. Bc4 Qe4+ 9. Be3 e5 10. 0-0 exd4 11. Ng5 dxe3 12. Nxe4 Rxd1 13. Rfxd1 Bxe4 14. fxe3 Bg6 15. Nb5 Nh6 16. Be2 Bc5 17. Kf2 a6 18. Nd4 Nxd4 19. exd4 Bb6 20. Rac1+ Kb8 21. g4 Rd8 22. Rc4 Be4 23. h3 f6 24. Bf3 Bxf3 25. Kxf3 f5 26. d5 Nf7 27. Rc2 fxg4+ 28. Kxg4 Bc7 29. Re2 Ne5+ 30. Kf5 Rf8+ 31. Ke4 Nc4 32. b3 Rf4+ 33. Kd3 Ne5+ 34. Kc2 Bd6 35. Re3 Kc7 36. Rc3+ Kd7 37. Rg1 g6 38. Rd1 Rf2+ 39. Kb1 Bb4 40. Re3 Nf3 41. Red3 Nd2+ 42. Ka1 Ne4 43. Rc1 Ba3 44. Rcd1 Bb2+ 45. Kb1 Nc3+ 46. Rxc3 Bxc3 0-1